000 00588nam a22001697a 4500
001 114427
003 DR-UNIBE
005 20260319134257.0
008 260310b2001 pn ||||| |||| 00| 0 spa d
040 _aBIBLIOTECA UNIBE
_cBIBLIOTECA UNIBE
_erda
041 _aspa
082 _a345.08 A239
245 0 0 _aDebido proceso y justicia penal garantista para la adolescencia :
_bLey 40/99 del régimen especial de responsabilidad penal para la adolescencia
260 _aPanamá :
_bFondo de las Naciones Unidas para la Infancia (UNICEF),
_c2001
300 _a187 páginas
942 _2ddc
_cBK
999 _c114427
_d114427